Statistics for Guess the 1970s song lyrics #273

Click here to take the quiz!

General Stats

  • This quiz has been taken 7 times
  • The average score is 189 of 300

Answer Stats

Answer% Correct
A
100%
a
100%
at
100%
At
100%
an
86%
and
86%
And
86%
Car
86%
car
86%
I
86%
it
86%
on
86%
the
86%
wash
86%
who
86%
Work
86%
work
86%
be
71%
cars
71%
have
71%
if
71%
it's
71%
me
71%
no
71%
not
71%
now
71%
Ooh
71%
Sing
71%
sing
71%
to
71%
up
71%
with
71%
Working
71%
yeah
71%
you
71%
always
57%
But
57%
Come
57%
come
57%
coming
57%
don't
57%
go
57%
Hey
57%
Keep
57%
My
57%
never
57%
of
57%
or
57%
pay
57%
stop
57%
those
57%
Those
57%
Well
57%
your
57%
being
43%
feeling
43%
Fill
43%
for
43%
get
43%
seem
43%
sometimes
43%
star
43%
There
43%
time
43%
today
43%
What
43%
about
29%
act
29%
ain't
29%
away
29%
better
29%
bone
29%
boss
29%
cool
29%
digging
29%
ditch
29%
even
29%
ever
29%
fingers
29%
fool
29%
gets
29%
hard
29%
humming
29%
kind
29%
Let
29%
let
29%
maybe
29%
meet
29%
might
29%
mind
29%
movie
29%
place
29%
planned
29%
rich
29%
say
29%
Talking
29%
tell
29%
telling
29%
than
29%
This
29%
us
29%
washed
29%
y'all
29%
can't
14%
chief
14%
give
14%
home
14%
Indian
14%
machines
14%
play
14%
rags
14%
right
14%
summer
14%
till
14%
wait
14%
waxin
14%
woah
14%
wooh
14%

Score Distribution

Percentile by Number Answered

Percent of People with Each Score

Your Score History

You have not taken this quiz